Normal view
MARC view
- الالوسي،حسام محي الدين
Entry Personal Name
001 - CONTROL NUMBER
- control field: 21108
003 - CONTROL NUMBER IDENTIFIER
- control field: JO-AjAnu
005 - DATE AND TIME OF LATEST TRANSACTION
- control field: 20230606073649.0
008 - FIXED-LENGTH DATA ELEMENTS
- fixed length control field: 230606|| aca||aabn | a|a d
040 ## - CATALOGING SOURCE
- Original cataloging agency: JO-AjAnu
- Transcribing agency: JO-AjAnu
100 ## - HEADING--PERSONAL NAME
- Personal name: الالوسي،حسام محي الدين
670 ## - SOURCE DATA FOUND
- Source citation: Work cat.: (JO-AjAnu)10846: الالوسي،حسام محي الدين , author, حول العقل والعقلانية العربية :طبيعة، ومستقبلاً ،وتناولاً